Forests and energy : (Record no. 20865)

000 -LEADER
fixed length control field 01451cam a22002417a 4500
020 ## - INTERNATIONAL STANDARD BOOK NUMBER
ISBN 9251059853
020 ## - INTERNATIONAL STANDARD BOOK NUMBER
ISBN 9789251059852
040 ## - CATALOGING SOURCE
Transcribing agency NLG FAO 2008 A042 Or.
110 2# - MAIN ENTRY--CORPORATE NAME
Corporate name or jurisdiction name as entry element Food and Agriculture Organization of the United Nations.
245 10 - TITLE STATEMENT
Title Forests and energy :
Remainder of title key issues.
260 ## - PUBLICATION, DISTRIBUTION, ETC. (IMPRINT)
Place of publication Rome :
Name of publisher Food and Agriculture Organization of the United Nations,
Year of publication c2008.
300 ## - PHYSICAL DESCRIPTION
Number of Pages xiv, 56 p. :
Other physical details ill., map ;
Dimensions 30 cm.
500 ## - GENERAL NOTE
General note Foreword by Wulf Killmann.
520 ## - SUMMARY, ETC.
Summary, etc "This publication consolidates and synthesizes two more comprehensive studies commissioned by FAO in 2007 and published as working papers. They are Forests and energy in developing countries by Ivan Tomaselli and Forests and energy in OECD countries by Warren Mabee and Jack Saddler. ... A draft version of the consolidated paper, prepared by Douglas Kneeland and Andrea Perlis, was distributed at the FAO Conference Special Event: Forests and Energy in November 2007. The present edition, prepared by Jeremy Broadhead and edited by Maria Casa, incorporates comments received from member countries. Miguel Trossero, Simmone Rose, Sebastian Hetsch and Gustavo Best also contributed"--P. vii.
650 #0 - SUBJECT ADDED ENTRY--TOPICAL TERM
Topical Term Forest biomass.
650 #0 - SUBJECT ADDED ENTRY--TOPICAL TERM
Topical Term Biomass energy.
650 #0 - SUBJECT ADDED ENTRY--TOPICAL TERM
Topical Term Forests and forestry.
700 1# - ADDED ENTRY--PERSONAL NAME
Personal name Broadhead, Jeremy.
700 1# - ADDED ENTRY--PERSONAL NAME
Personal name Killmann, Wulf.
700 1# - ADDED ENTRY--PERSONAL NAME
Personal name Casa, Maria.
856 41 - ELECTRONIC LOCATION AND ACCESS
Uniform Resource Identifier http://www.loc.gov/catdir/toc/fy1002/2008437460.html
942 ## - ADDED ENTRY ELEMENTS (KOHA)
Koha item type ADB
952 ## - LOCATION AND ITEM INFORMATION (KOHA)
Withdrawn status [LOCAL, KOHA] 0
Holdings
Permanent Location Date acquired Koha item type Lost status Shelving location Barcode Current Location Full call number
Library Block A2022-12-28ADB A042a069574Library Block ANLG FAO 2008 A042 Or.
មជ្ឈមណ្ឌលឯការនៃសាកលវិទ្យាល័យភូមិន្ទកសិកម្មចំការដូង

Powered by Koha